书目信息 |
| 题名: |
聚合物共混改性
|
|
| 作者: | 吴培熙 , 张留成 编著 | |
| 分册: | ||
| 出版信息: | 北京 中国轻工业出版社 2020.12 |
|
| 页数: | 374页 | |
| 开本: | 26cm | |
| 丛书名: | ||
| 单 册: | ||
| 中图分类: | TQ316.6 | |
| 科图分类: | ||
| 主题词: | 高聚物--共混--改性--高等教育--教材 | |
| 电子资源: | ||
| ISBN: | 978-7-5184-1401-7 | |
| 000 | 01213nam0 2200301 45 | |
| 001 | 012001001950 | |
| 005 | 20211013152513.91 | |
| 010 | @a978-7-5184-1401-7@dCNY69.00 | |
| 100 | @a20170907d2017 em y0chiy50 ea | |
| 101 | 0 | @achi |
| 102 | @aCN@b110000 | |
| 105 | @aa z 000yy | |
| 106 | @ar | |
| 200 | 1 | @a聚合物共混改性@Aju he wu gong hun gai xing@f吴培熙,张留成编著 |
| 205 | @a3版 | |
| 210 | @a北京@c中国轻工业出版社@d2020.12 | |
| 215 | @a374页@c图@d26cm | |
| 300 | @a“十三五”普通高等教育本科规划教材 高分子材料与工程专业系列教材 | |
| 300 | @a并列题名:Polymer blending modification | |
| 312 | @a封面英文题名:Polymer blending modification | |
| 330 | @a本书系统地论述了聚合物共混改性的基本概念、改性原理、聚合物共混改性的微观形态、微观形态的测定、增容技术、聚合物共混的性能特征。在聚合物共混科学的基础上,简要介绍了共混工艺及设备,并分别精炼论述了十多类聚合物的共混改性工程及改性材料的特性与应用。 | |
| 510 | 1 | @aPolymer blending modification@zeng |
| 606 | 0 | @a高聚物@x共混@x改性@x高等教育@j教材 |
| 690 | @aTQ316.6@v5 | |
| 701 | 0 | @a吴培熙@Awu pei xi@4编著 |
| 701 | 0 | @a张留成@Azhang liu cheng@f(1937~)@4编著 |
| 801 | 0 | @aCN@bBJSDL@c20211011 |
| 905 | @b1337851-4@dTQ316.6@e25=3@f4 | |
| 聚合物共混改性/吴培熙,张留成编著.-3版.-北京:中国轻工业出版社,2020.12 |
| 374页:图;26cm |
| “十三五”普通高等教育本科规划教材 高分子材料与工程专业系列教材.-并列题名:Polymer blending modification |
| ISBN 978-7-5184-1401-7:CNY69.00 |
| 本书系统地论述了聚合物共混改性的基本概念、改性原理、聚合物共混改性的微观形态、微观形态的测定、增容技术、聚合物共混的性能特征。在聚合物共混科学的基础上,简要介绍了共混工艺及设备,并分别精炼论述了十多类聚合物的共混改性工程及改性材料的特性与应用。 |
| ● |
| 相关链接 |
|
|
|
|
正题名:聚合物共混改性
索取号:TQ316.6/25=3
 
预约/预借
| 序号 | 登录号 | 条形码 | 馆藏地/架位号 | 状态 | 备注 |
| 1 | 1337851 | 213378511 | 第二样本阅览室/ [索取号:TQ316.6/25=3] | 在馆 | |
| 2 | 1337852 | 213378520 | 第三借阅区/ [索取号:TQ316.6/25=3] | 在馆 | |
| 3 | 1337853 | 213378539 | 第三借阅区/ [索取号:TQ316.6/25=3] | 在馆 | |
| 4 | 1337854 | 213378548 | 第三借阅区/ [索取号:TQ316.6/25=3] | 在馆 |